00000000cam 2200000zi 4500
0019.958156
003CaOODSP
00520251212105321
006m     o  d f      
007cr cn|||||||||
008251210e202512##onca    ob   f000 0 eng d
040 |aCaOODSP|beng|erda|cCaOODSP
043 |an-cn---
0861 |aYC32-0/451-1E-PDF
1101 |aCanada. |bParliament. |bSenate. |bStanding Committee on Human Rights, |eauthor, |eissuing body.
24510|aNothing to celebrate : |bthe crisis of youth aging out of care : report of the Standing Senate Committee on Human Rights / |cthe Honourable Paulette Senior, chair ; the Honourable Wanda Thomas Bernard, deputy chair.
24617|aNothing to celebrate : |bthe crisis of youth aging out of care
264 1|aOttawa, Ontario, Canada : |bSenate, Canada = Senat, Canada, |cDecember 2025.
300 |a1 online resource (53 pages) : |bcolour illustrations.
336 |atext|btxt|2rdacontent
337 |acomputer|bc|2rdamedia
338 |aonline resource|bcr|2rdacarrier
4901 |aReport of the Standing Senate Committee on Human Rights ; |v[1st report, 45th Parliament, 1st Session]
500 |aIssued also in French under title: Rien à célébrer : la crise des jeunes qui vieillissent hors du système de protection de l'enfance : rapport du Comité sénatorial permanent des droits de la personne.
500 |aTitle from cover.
504 |aIncludes bibliographical references.
650 0|aChildren's rights|zCanada.
650 0|aYouth|xCivil rights|zCanada.
650 0|aChild welfare|zCanada.
650 0|aYouth|xServices for|zCanada.
650 0|aSocial work with youth|zCanada.
7001 |aSenior, Paulette.
7001 |aBernard, Wanda Thomas.
77508|tRien à célébrer : |w(CaOODSP)9.958165
830#0|aReport of the Standing Senate Committee on Human Rights ;|v1st report, 45th Parliament, 1st Session.|w(CaOODSP)9.505251
85640|qPDF|s1.34 MB|uhttps://publications.gc.ca/collections/collection_2025/sen/yc32-0/YC32-0-451-1-eng.pdf